000 01749cam a2200277 4500
008 090401t1998 xxu||||| |||| 00| 0 eng d
020 _a0854069011
035 _a(Sirsi) u91840
041 _aeng
050 _a526.9
110 _aFederation International Des Geometres
245 _aXXI International Congress : developing the profession in a developing world (Bright, 19-25 July 1998). Commission 5 : positioning and measurement.
260 _aLondon
_bFIG
_c1998
300 _aviii,625p. : ill. ; 21cm.
350 _a0
500 _aAlso held on CD-Rom.
520 _aPapers include Using GPS to monitor platform movements...offshore./ D. WHITCOMBE - Precise positioning using GLONASS./ D. WALSH & P. DALY - The impact of new technology on mapping organisations./ N. SMITH & K. MURRAY - A novel single-beam automatic laser theodolite./ B. GORHAM - Shakespeare`s globe theatre, London:monitoring of adjacent structures./ S.J. BARNES & J. LITTLE - Monitoring long term vertical land movements in the Thames estuary .../ V. ASHKENAZI et al - Monitoring tide gauge heights...with GPS./ V. ASHKENAZI et al - A new integrated marine gravity acquisition system based on GPS./ A.H. DODSON et al - Creating databases is one things.../ I. LOGAN, J. DRUMMOND & S. COOPER - Ocean tide loading effects on GPS observations./ A.H. DODSON, D.J. CURTIS & T.F. BAKER - The effects of weather fronts on GPS./ T. GREGORIUS & G. BLEWITT -Control in the 21st century./ C.E. CALVERT & S.H. MASON - Real time monitoring of bridges by GPS./ V. ASHKENAZI et al.
650 _aCONFERENCES
650 _aGIS
650 _aGIS
650 _aSATELLITE SURVEYING
650 _aSURVEYORS
690 _aLAND SURVEYING
942 _n0
948 _c08/03/1999
999 _c97678
_d97678